1391 1690 1918 1297 1704 1242 1097 1001 1996 1578 1688 1432 1384 1496 1844 1983 1017 1264 1369 1343 1107 1388 1553 1667 1502 1559 1285 1917 1946 1395 1358 1023 1049 1310 1850 1492 1239 1162 1268 1341 1073 1960 1892 1028 1290 1626 1801 1024 1938 1270 1988 1745 1642 1019 1736 1681 1261 1168 1518 1990 1620 1456 1265 1272 1814 1991 1304 1028 1642 1858 1410 1186 1179 1824 1551 1505 1430 1591 1440 1899 1405 1056 1624 1656 1134 1642 1051 1214 1183 1929 1853 1905 1393 1979 1359 1088 1766 1473 1230 BCNSPRNW ULIB Ver.6.0+V

เปลี่ยนเป็นภาษาไทย

Change to English
 แสดงรายละเอียดบรรณานุกรม
  กลับหน้าหลัก

Brief Record : Get Marc (ISO 2709) : E-mail record : QR code < ปิดหน้าต่าง
LEADER : 00000nas 2200000uu 4500
001    13399120626
003     ULIB
008    121001s||||||||th 000 0 tha d
022 0  08589216
245 00 วารสารวิชาการ สมาคมสถาบันอุดมศึกษาเอกชนแห่งประเทศไทย^nAPHEIT Journal
260    สมาคมสถาบันอุดมศึกษาเอกชนแห่งประเทศไทย
310    ^aราย 6 เดือน
850 ^a ULIB^bฉบับที่ 1 ปีที่ 18 ฉ.1 ;ฉบับที่ 1 ปีที่ 18 ฉ.2 ;ฉบับที่ 2 ปีที่ 17 ;ฉบับที่ 2 ปีที่ 19
945    ^p0^l0^i900739
945    ^p0^l0^i900740
945    ^p0^l0^i901720
945    ^p0^l0^i902156
999    ^aใช้งานได้ทุกระบบ
รายการนี้ยังไม่มีแท็ก
คุณยังไม่ได้ล็อกอิน คุณสามารถมีกิจกรรมร่วมกับเว็บไซต์ได้ แต่ต้องล็อกอินก่อน ::
  ล็อกอิน

รายการสื่อสารสนเทศ (วารสาร)

ดูแบบ: กล่อง รายการ
ARRIVED
ฉบับที่ 2 ปีที่ 17
สถานที่: ห้องสมุดวิทยาเขตสวรรค์ประชารักษ์ >วารสาร
ARRIVED
ฉบับที่ 1 ปีที่ 18 ฉ.1
สถานที่: ห้องสมุดวิทยาเขตสวรรค์ประชารักษ์ >หนังสือทั่วไป
ARRIVED
ฉบับที่ 2 ปีที่ 19
สถานที่: ห้องสมุดวิทยาเขตสวรรค์ประชารักษ์ >วารสาร

BibComment


ยังไม่เคยถูกคอมเมนท์

คอมเมนท์ทรัพยากรรายการนี้
  คอมเมนท์: วารสารวิชาการ สมา..


 Copyright 2026. Bcnsprnw @Library